Nonlinear plasma theory (Record no. 3391)

MARC details
000 -LEADER
fixed length control field 00618nam a2200217Ia 4500
003 - CONTROL NUMBER IDENTIFIER
control field IN-BaIIA
008 - FIXED-LENGTH DATA ELEMENTS--GENERAL INFORMATION
fixed length control field 211028s9999 xx 000 0 eng d
040 ## - CATALOGING SOURCE
Transcribing agency IIA Library
080 ## - UNIVERSAL DECIMAL CLASSIFICATION NUMBER
Universal Decimal Classification number 533
Item number SAG
100 ## - MAIN ENTRY--PERSONAL NAME
Personal name Sagdeev, R. Z
9 (RLIN) 6009
245 #0 - TITLE STATEMENT
Title Nonlinear plasma theory
Statement of responsibility, etc. R. Z. Sagdeev and Galeev A. A
260 ## - PUBLICATION, DISTRIBUTION, ETC.
Place of publication, distribution, etc. New York
Name of publisher, distributor, etc. W. A. Benjamin
Date of publication, distribution, etc. 1969
300 ## - PHYSICAL DESCRIPTION
Extent xii, 122p.
490 ## - SERIES STATEMENT
Series statement Frontiers in physics
650 ## - SUBJECT ADDED ENTRY--TOPICAL TERM
Topical term or geographic name entry element Astronomy and astrophysics thesaurus
650 ## - SUBJECT ADDED ENTRY--TOPICAL TERM
Topical term or geographic name entry element Nonlinear theory
9 (RLIN) 6010
650 ## - SUBJECT ADDED ENTRY--TOPICAL TERM
Topical term or geographic name entry element Plasma physics
9 (RLIN) 3732
650 ## - SUBJECT ADDED ENTRY--TOPICAL TERM
Topical term or geographic name entry element Plasmas
9 (RLIN) 1898
700 ## - ADDED ENTRY--PERSONAL NAME
Personal name Galeev, A. A.
9 (RLIN) 6011
942 ## - ADDED ENTRY ELEMENTS (KOHA)
Koha item type Books
Holdings
Withdrawn status Lost status Damaged status Not for loan Home library Current library Shelving location Date acquired Cost, normal purchase price Total Checkouts Full call number Barcode Date last seen Cost, replacement price Price effective from Koha item type Purchase Price
        IIA Library-Bangalore IIA Library-Bangalore General Stacks 16/02/1970 36.84   533/ SAG 3770 05/11/2021 36.84 16/02/1970 Books Rs. 36.84

Powered by Koha